Etické a psychologické problémy lekára pri lôžku nevyliečiteľne chorých

Podrobná bibliografia
Hlavní autori: Galajda, Peter, 1960- (Autor), Hollá, Gabriela (Autor), Nemčeková, Mária, 1947- (Autor), Palenčár, Marián, 1953- (Autor)
Médium: Kniha
Jazyk:slovenčina
Fyzický popis:38 strán 21 cm
Vydavateľské údaje: V Bratislave Univerzita Komenského 1992
ISBN:8022304220
Vydanie:1. vyd.
Edícia:Vysokoškolské skriptá
Predmet:

MARC

LEADER 00000cam a2200000 a 4500
001 vtls001068334
003 SK-MaSNL
005 20260301193431.0
008 240226s1992 xo frnp 000 0 slo
015 |a SNBA1992/07 
020 |a 8022304220  |q (brožované) 
035 |a SNK000011164 
035 |a F0C70A2A-ABAA-4F2B-B9B6-E1A492071E44 
035 |a urn:nbn:sk:snk-am00iecj 
040 |a SNK  |b slo  |c SNK  |e AACR2 
041 0 |a slo 
044 |a xo  |c SK 
072 7 |a 614  |x Verejné zdravie a hygiena  |2 konspekt 
072 7 |a 37.016  |x Učebné osnovy. Vyučovacie predmety. Učebnice  |2 konspekt 
080 |a 614.253(075.8)  |2 1981 
080 |a 616-036.88-052  |2 2011 
080 |a 614.253  |2 2011 
080 |a (075.8)  |2 2011 
080 |a 159.9  |2 2011 
100 1 |a Galajda, Peter,  |d 1960-  |4 aut  |9 195289 
245 1 0 |a Etické a psychologické problémy lekára pri lôžku nevyliečiteľne chorých  |c Peter Galajda a kolektív 
250 |a 1. vyd. 
260 |a V Bratislave  |b Univerzita Komenského  |c 1992  |e Bratislava  |f Polygrafické stredisko UK 
300 |a 38 strán  |c 21 cm 
366 |e 150 výtl. 
490 1 |a Vysokoškolské skriptá 
500 |a Obsahuje poznámky 
504 |a Bibliografia na konci kapitol 
650 0 7 |a nevyliečiteľne chorí  |2 SNKPH  |9 82345 
650 0 7 |a lekárska etika  |2 SNKPH  |9 794 
650 0 7 |a psychológia  |2 SNKPH  |9 807 
655 7 |a učebnice vysokých škôl  |2 SNKPH  |9 70191 
700 1 |a Hollá, Gabriela  |4 aut  |9 8372 
700 1 |a Nemčeková, Mária,  |d 1947-  |4 aut  |9 7991 
700 1 |a Palenčár, Marián,  |d 1953-  |4 aut  |9 200688 
752 |a Slovensko  |d Bratislava 
810 2 |a Univerzita Komenského v Bratislave.  |b Jesseniova lekárska fakulta v Martine  |t Vysokoškolské skriptá  |9 276999 
852 |a Slovenská národná knižnica 
919 |a 80-223-0422-0 
954 |a odborná, vedecká literatúra pôvodná (slovenská)  |2 lita 
958 |a NB 
958 |a RM 
958 |a UV 
958 |a MI 
958 |a OND 
958 |a EUIPO 
999 |c 877262  |d 879192 
952 |t P60, <04>, [BOOK], {604}  |a SNK  |b SNK  |y VYP  |7 0  |p 17A0017750  |o snkSC 81781 D1  |0 0  |1 0  |4 0  |d 1996-11-05  |l 0  |r 2004-12-31 00:00:00  |w 2026-02-24 
952 |a SNK  |b SNK  |y PREZ  |7 0  |p 17A0994206  |o snkSC 81781  |i snkKSP 4535/92  |0 0  |1 0  |4 0  |d 2012-08-14  |f 1  |l 0  |r 2025-08-18 00:00:00  |w 2026-02-24